Anatomy & physiology / (Record no. 4158)

000 -LEADER
fixed length control field 01424cam a22003374a 4500
003 - CONTROL NUMBER IDENTIFIER
control field OSt
005 - DATE AND TIME OF LATEST TRANSACTION
control field 20220318090250.0
008 - FIXED-LENGTH DATA ELEMENTS--GENERAL INFORMATION
fixed length control field 081027s2010 mouaf 001 0 eng
020 ## - INTERNATIONAL STANDARD BOOK NUMBER
International Standard Book Number 9996057763 (Atlas)
040 ## - CATALOGING SOURCE
Transcribing agency ALUPE UNIVERSITY COLLEGE
042 ## - AUTHENTICATION CODE
Authentication code pcc
050 00 - LIBRARY OF CONGRESS CALL NUMBER
Classification number QP34.5
Item number .T49 2010
060 10 - NATIONAL LIBRARY OF MEDICINE CALL NUMBER
Classification number QS 4
Item number P322a 2010
100 1# - MAIN ENTRY--PERSONAL NAME
Personal name Patton, Kevin T.
245 10 - TITLE STATEMENT
Title Anatomy & physiology /
Statement of responsibility, etc. Kevin T. Patton, Gary A. Thibodeau.
250 ## - EDITION STATEMENT
Edition statement 7th ed.
260 ## - PUBLICATION, DISTRIBUTION, ETC.
Place of publication, distribution, etc. St. Louis, Mo. :
Name of publisher, distributor, etc. Mosby/Elsevier,
Date of publication, distribution, etc. c2010.
300 ## - PHYSICAL DESCRIPTION
Extent 1 v. (various pagings) :
Other physical details ill. (chiefly col.) ;
Dimensions 29 cm.
500 ## - GENERAL NOTE
General note Thibodeau's name appears first on the earlier ed.
500 ## - GENERAL NOTE
General note Transparent plastic overlay laid in.
500 ## - GENERAL NOTE
General note Accompanied by 3 booklets: Anatomy and physiology online, Anatomy & physiology, seventh edition. Quick guide to the language of science and medicine for Anatomy & physiology, 7th edition / Kevin T. Patton, Gary A. Thibodeau. 21 p. : ill. ; 26 cm. Brief atlas of the human body / Kevin T. Patton, Gary A. Thibodeau. vi, 90 p. : ill. (chiefly col.) ; 28 cm.
500 ## - GENERAL NOTE
General note Includes index.
650 #0 - SUBJECT ADDED ENTRY--TOPICAL TERM
Topical term or geographic name entry element Human physiology.
650 #0 - SUBJECT ADDED ENTRY--TOPICAL TERM
Topical term or geographic name entry element Human anatomy.
650 12 - SUBJECT ADDED ENTRY--TOPICAL TERM
Topical term or geographic name entry element Anatomy.
650 22 - SUBJECT ADDED ENTRY--TOPICAL TERM
Topical term or geographic name entry element Physiology.
700 1# - ADDED ENTRY--PERSONAL NAME
Personal name Thibodeau, Gary A.,
Dates associated with a name 1938-
906 ## - LOCAL DATA ELEMENT F, LDF (RLIN)
a 7
b cbc
c orignew
d 1
e ecip
f 20
g y-gencatlg
942 ## - ADDED ENTRY ELEMENTS (KOHA)
Source of classification or shelving scheme
Koha item type Book
Suppress in OPAC PW
Holdings
Withdrawn status Lost status Source of classification or shelving scheme Damaged status Not for loan Permanent Location Current Location Shelving location Date acquired Source of acquisition Total Checkouts Full call number Barcode Date last seen Price effective from Koha item type Public note
          AU LIBRARY AU LIBRARY Open Shelf 18.03.2022 DONATION FROM MOI UNIVERSITY   QP34.5 .T49 2010 28005759 18.03.2022 18.03.2022 Book PW

Powered by Koha